LEADER 00815oam 2200253z- 450 001 9910135230003321 005 20241212220938.0 010 $a9781479962785 010 $a1479962783 035 $a(CKB)3780000000082541 035 $a(EXLCZ)993780000000082541 100 $a20220628c2014uuuu -u- - 101 0 $aeng 200 00$aComputer-Aided Design (ICCAD), 2014 IEEE/ACM International Conference on 210 $cIEEE 311 08$a9781479962792 311 08$a1479962791 517 $a2014 IEEE/ACM International Conference on Computer-Aided Design (ICCAD) 517 $a2014 IEEE/ACM International Conference on Computer-Aided Design 517 $aComputer-Aided Design 906 $aPROCEEDING 912 $a9910135230003321 996 $aComputer-Aided Design (ICCAD), 2014 IEEE$92525118 997 $aUNINA